000 00648cam a22002171 4500
001 l 56000133
003 DLC
005 20260227111544.0
008 850722s1956 dcua f000 0 eng c
010 _al 56000133
035 _a(OCoLC)12292146
040 _aU.S. Dept. of Labor.
_cCLU
_dOT
_dDLC
042 _apremarc
050 0 0 _aHD4835.U4
_bA5 1956
110 1 _aUnited States.
_bDepartment of Labor.
245 0 4 _aThe United States Department of Labor today.
260 _a[Washington,
_bU.S. Govt. Print. Off.,
_c1956]
300 _avi, 72 p.
_billus.
_c30 cm.
500 _aCover title.
610 1 0 _aUnited States.
_bDepartment of Labor.
999 _c36919
_d36919